MLB Managers With Over 2,000 Wins - Statistics

General Stats
  • This quiz has been taken 130 times
    34 since last reset
  • The average score is 8 of 13
Answer Stats
Wins Team(s) Manager % Correct
2,326 New York Mets, Atlanta Braves, St. Louis Cardinals, New York Yankees, Los Angeles Dodgers Joe Torre
86%
2,504 Atlanta Braves, Toronto Blue Jays Bobby Cox
77%
3,731 Pittsburgh Pirates, Philadelphia Athletics Connie Mack
77%
2,183 San Francisco Giants, Chicago Cubs, Cincinnati Reds, Washington Nationals, Houston Astros Dusty Baker
77%
2,884 Chicago White Sox, Oakland Athletics, St. Louis Cardinals Tony La Russa
77%
2,194 Cincinnati Reds, Detroit Tigers Sparky Anderson
73%
2,252 San Diego Padres, San Francisco Giants, Texas Rangers Bruce Bochy
68%
2,033 Philadelphia Phillies, Boston Red Sox, Cleveland Indians / Guardians, Cincinnati Reds Terry Francona
64%
2,763 Baltimore Orioles, New York Giants John McGraw
41%
2,008 Brooklyn Dodgers, New York Giants, Chicago Cubs, Houston Astros Leo Durocher
36%
2,125 Chicago Cubs, New York Yankees, Boston Red Sox Joe McCarthy
32%
2,040 Brooklyn/Los Angeles Dodgers Walter Alston
32%
2,158 Washington Senators, Detroit Tigers, Boston Red Sox, Philadelphia Phillies, New York Yankees Bucky Harris
9%
No matching quizzes found
Score Distribution
Percent of People with Each Score
Percentile by Number Answered
Your Score History
You have not taken this quiz since the last reset